000
00330nam a2200145Ia 4500
008
191201s2011 xx 000 0 und d
082
_a
659.1
_b
BEA
100
_a
BESTERFIELD,Date H
245
0
_a
Advertising and Promotion
250
_a
Rep
260
_a
N.Delhi
_b
TMH
_c
2011
300
_a
1075
650
_a
MBA
942
_2
ddc
_c
BK
999
_c
5341
_d
5341